| 000 | 00437nam a2200181Ia 4500 | ||
|---|---|---|---|
| 008 | 210210b2013 xxu||||| |||| 00| 0 eng d | ||
| 020 | _a9781898563402 | ||
| 041 | _aeng | ||
| 082 | _a621.3815 WHIC | ||
| 100 | _aWHITEHOUSE (John E) | ||
| 245 | _aCircuit analysis | ||
| 260 |
_aOxford _bWoodhead Publishing Ltd. _c2013 |
||
| 300 | _avii,185 | ||
| 650 | _aCircuit | ||
| 650 | _aanalysis | ||
| 690 | _aElectronics | ||
| 906 | _a067748 | ||
| 999 |
_c151277 _d151277 |
||